000
00296nam a22001337a 4500
008
170607b xxu||||| |||| 00| 0 eng d
020
_a
9780195423235
041
_a
eng
080
_2
5 ED
_a
327
100
_a
18
101
_a
SHP
245
_a
CANADIAN DEMOCRACY
_c
STEPHEN.B
942
_2
udc
_c
BK
999
_c
16233
_d
16233